| 000 | 00660nam a22001817a 4500 | ||
|---|---|---|---|
| 008 | 150302b xxu||||| |||| 00| 0 eng d | ||
| 020 | _a9780316606943 | ||
| 050 | _aBX388.N48.M65 1999 | ||
| 100 |
_aThe Monks of New Skete _915665 |
||
| 245 |
_aIn the spirit of happiness _cThe Monks of new skete |
||
| 260 |
_aBoston _bLittle, Brown and company _c1999 |
||
| 300 |
_axv, 335p. ; _c21cm. |
||
| 650 |
_aNew Skete _915666 |
||
| 650 |
_aMonastic and religious life _zNew York _zCambridge _915667 |
||
| 650 |
_aMonasticism and religious orders _zNew York _zCambridge _915668 |
||
| 650 |
_aChristian life _xOrthodox eastern authors _915669 |
||
| 942 |
_2lcc _cMONOGRAPH |
||
| 999 |
_c122238 _d122238 |
||